Implementación del plan de educación /
| Autore principale: | |
|---|---|
| Natura: | Libro |
| Lingua: | spagnolo |
| Pubblicazione: |
San José, Costa Rica :
UNESCO /CAP,
s.f.
|
| Serie: | Serie A: El Proceso de Planificación de la Educación y los Proyectos
|
| Soggetti: |
MARC
| LEADER | 00000nam a2200000Ia 4500 | ||
|---|---|---|---|
| 008 | 171110bsf cr ||||| |||| 00| 0 spa d | ||
| 999 | |c 1453 |d 1453 | ||
| 090 | |a 06.02.01 |b 1558 | ||
| 100 | 1 | |a Chong, Juan |9 3259 | |
| 245 | 1 | 0 | |a Implementación del plan de educación / |c Juan Chong |
| 260 | |a San José, Costa Rica : |b UNESCO /CAP, |c s.f. | ||
| 300 | |a 52 páginas | ||
| 490 | |a Serie A: El Proceso de Planificación de la Educación y los Proyectos | ||
| 500 | |a Modulo I | ||
| 650 | 1 | 4 | |a EDUCACIÓN |9 1 |
| 650 | 1 | 4 | |a PLANIFICACIÓN DE LA EDUCACIÓN |9 124 |
| 942 | |i 003520 |h 06.02.01 1558 |2 z |c 01 | ||
